000 00494cam a2200181ua 4500
020 _a81-224-0700-5
_c350.00
041 _aeng
_h
082 _a028.7453111
_bAMB/CO
100 _aAmbika, G .
245 0 0 _aComputational aspects in chaos and nonlinear dynamics /
_cG.Ambika.
_hTextual Documents
260 _aNew Delhi :
_bWiley Eastern Ltd ,
_c1994.
300 _a233 ; .
365 _a350.00
504 _a
700 1 _aNandakumaran, V.M .
942 _cBK
999 _c6800
_d6800